[Event "Lichtenberger Sommer 2023"]
[Site "Berlin"]
[Date "2023.08.14"]
[Round "3.39"]
[White "Steiger, Michael"]
[Black "Wadepfuhl, Jeremy"]
[Result "1/2-1/2"]
[WhiteElo "1966"]
[BlackElo "1789"]
[PlyCount "60"]
[EventDate "2023.??.??"]
[WhiteTeam "SC Kreuzberg e.V."]
[BlackTeam "SC Borussia Lichtenberg"]

1. c4 e5 2. g3 Nf6 3. Bg2 d5 4. cxd5 Nxd5 5. Nc3 Nb6 6. Nf3 Nc6 7. O-O Be7 8.
d3 Be6 9. Be3 O-O 10. d4 exd4 11. Nxd4 Nxd4 12. Bxd4 c6 13. b3 Bf6 14. Bxf6
Qxf6 15. Qc2 Qe5 16. Rad1 Rad8 17. Ne4 Bf5 18. Qc5 Qxc5 19. Nxc5 Bc8 20. e4 Na8
21. e5 Nc7 22. f4 f5 23. Kf2 Kf7 24. Ke3 Ke7 25. Bf3 g6 26. Rg1 Rg8 27. h4 h5
28. Ke2 Nb5 29. Ke3 Nc7 30. Ke2 Nb5 1/2-1/2

[Event "Lichtenberger Sommer 2023"]
[Site "Berlin"]
[Date "2023.08.14"]
[Round "3.40"]
[White "Stärk, Elisa"]
[Black "Ho, Ngoc Hai-Dang"]
[Result "0-1"]
[WhiteElo "1965"]
[BlackElo "1782"]
[PlyCount "80"]
[EventDate "2023.??.??"]
[WhiteTeam "SV Empor Berlin e.V."]
[BlackTeam "SV Mattnetz Berlin e.V."]

1. d4 Nf6 2. Nf3 g6 3. c4 Bg7 4. Nc3 O-O 5. e4 d6 6. Be2 e5 7. O-O Nc6 8. d5
Ne7 9. Ne1 Nd7 10. Nd3 f5 11. Bd2 fxe4 12. Nxe4 Nf5 13. Bg4 Nf6 14. Bxf5 gxf5
15. Nxf6+ Qxf6 16. Bc3 Qg6 17. f3 Bh6 18. Qe2 f4 19. Nf2 Bd7 20. c5 Rf5 21. Ne4
Kh8 22. cxd6 cxd6 23. Bb4 Rg8 24. Rf2 Bf8 25. Rc1 Qh6 26. Rc7 Rh5 27. Kf1 Rxh2
28. Ke1 Bf5 29. Rf7 Bxe4 30. Qxe4 Rhxg2 31. Rxg2 Rxg2 32. Rxf8+ Qxf8 33. Qxe5+
dxe5 34. Bxf8 Kg8 35. Bc5 b6 36. d6 Kf7 37. d7 Rg8 38. Bd6 Ke6 39. Bc7 Kxd7 40.
Bxe5 Re8 0-1

[Event "Lichtenberger Sommer 2023"]
[Site "Berlin"]
[Date "2023.08.14"]
[Round "3.41"]
[White "Heerde, Thomas"]
[Black "Villuela, Roberto"]
[Result "1-0"]
[WhiteElo "1956"]
[BlackElo "1775"]
[PlyCount "84"]
[EventDate "2023.??.??"]
[WhiteTeam "SK Zehlendorf e.V."]
[BlackTeam "SC Friesen Lichtenberg e.V."]

1. Nf3 Nf6 2. g3 g6 3. Bg2 Bg7 4. O-O O-O 5. d3 d5 6. Nbd2 c5 7. e4 dxe4 8.
dxe4 Nc6 9. Qe2 e5 10. c3 Qe7 11. Nc4 h6 12. a4 b6 13. Ne3 Rd8 14. Nd2 Be6 15.
Ndc4 Qc7 16. f4 exf4 17. gxf4 Rac8 18. e5 Ne8 19. h4 Ne7 20. h5 Nf5 21. Qf2
gxh5 22. Be4 Bxc4 23. Nxc4 Qd7 24. Ne3 Ne7 25. Qg2 Kh8 26. Qh2 f5 27. Bc2 Rc6
28. Qxh5 Nc7 29. Nxf5 Rg8 30. Kf2 Bf8 31. Nd6 Rxd6 32. exd6 Qxd6 33. Qe5+ Qxe5
34. fxe5 Nc6 35. Bb3 c4 36. Bxc4 Bc5+ 37. Ke2 Rg2+ 38. Kf3 Rh2 39. Kg3 Rh5 40.
Bf4 Nxe5 41. Be2 Rg5+ 42. Bxg5 hxg5 1-0

[Event "Lichtenberger Sommer 2023"]
[Site "Berlin"]
[Date "2023.08.14"]
[Round "3.42"]
[White "Duppel, Yago"]
[Black "Guenther, Thomas"]
[Result "1-0"]
[WhiteElo "1743"]
[BlackElo "1945"]
[PlyCount "69"]
[EventDate "2023.??.??"]
[WhiteTeam "SV Königsjäger Süd-West e.V."]
[BlackTeam "vereinslos"]

1. d4 Nf6 2. c4 e6 3. Nc3 Bb4 4. Nf3 O-O 5. Bg5 h6 6. Bh4 b6 7. Qb3 Bxc3+ 8.
Qxc3 Bb7 9. e3 g5 10. Bg3 Ne4 11. Qc2 d6 12. Bd3 f5 13. Rc1 Nd7 14. d5 Ndc5 15.
b4 Nxd3+ 16. Qxd3 e5 17. Ng1 Qd7 18. f3 Nf6 19. h3 Rae8 20. e4 fxe4 21. fxe4
Qh7 22. h4 Qxe4+ 23. Qxe4 Nxe4 24. Ne2 Bc8 25. hxg5 Bg4 26. Rh4 h5 27. Bh2 Re7
28. Ng3 Nf2 29. Rc3 e4 30. Re3 Nd3+ 31. Kd2 Rf2+ 32. Kc3 Rxa2 33. Nxe4 Ra3+ 34.
Kd4 Nc1 35. Rxa3 1-0

[Event "Lichtenberger Sommer 2023"]
[Site "Berlin"]
[Date "2023.08.14"]
[Round "3.43"]
[White "Meister, Alexander"]
[Black "Adamski, Adam"]
[Result "0-1"]
[WhiteElo "1926"]
[BlackElo "1761"]
[PlyCount "87"]
[EventDate "2023.??.??"]
[WhiteTeam "SK Präsident"]
[BlackTeam "Sparta Bialoleka"]

1. d4 Nf6 2. Nf3 g6 3. g3 Bg7 4. Bg2 d5 5. O-O O-O 6. b3 c5 7. e3 Nc6 8. Bb2
Ne4 9. Qe2 b6 10. Rd1 Qc7 11. c4 dxc4 12. Qxc4 Nd6 13. Qe2 cxd4 14. Nxd4 Nxd4
15. Bxd4 Bb7 16. Bxg7 Kxg7 17. f3 Qc5 18. Nd2 Nf5 19. Nf1 Rac8 20. Rac1 Qa5 21.
Qb2+ Kg8 22. e4 Nd6 23. Ne3 Rxc1 24. Rxc1 Rc8 25. Rxc8+ Nxc8 26. b4 Qb5 27. Ng4
f6 28. Bf1 Qd7 29. Bc4+ Kg7 30. Qe2 h5 31. Nf2 Qd4 32. Kg2 Nd6 33. Bb3 a5 34.
bxa5 bxa5 35. h4 a4 36. Be6 Qc5 37. Bd7 Qd4 38. Bh3 Nc4 39. Be6 Ba6 40. Kg1 Bb5
41. Qd1 Qe5 42. Bxc4 Qxg3+ 43. Kh1 Bxc4 44. Qd2 0-1

[Event "Lichtenberger Sommer 2023"]
[Site "Berlin"]
[Date "2023.08.14"]
[Round "3.44"]
[White "Heß, Jürgen"]
[Black "Kuban, Andreas"]
[Result "1/2-1/2"]
[WhiteElo "1922"]
[BlackElo "1740"]
[PlyCount "118"]
[EventDate "2023.??.??"]
[WhiteTeam "SG Arnstadt-Stadtilm"]
[BlackTeam "SC Zugzwang 95 e.V."]

1. e4 c5 2. Nf3 d6 3. d4 cxd4 4. Nxd4 Nf6 5. Nc3 a6 6. Be2 e5 7. Nf5 d5 8. Ng3
d4 9. Nb1 Bb4+ 10. Bd2 Qe7 11. O-O Nc6 12. a3 Bxd2 13. Nxd2 O-O 14. h3 Be6 15.
Bd3 Nd7 16. Qh5 Nc5 17. f4 exf4 18. Rxf4 f6 19. Nf5 Bxf5 20. Qxf5 Nxd3 21. Qd5+
Qf7 22. cxd3 Rfd8 23. Qxf7+ Kxf7 24. Nf3 Ke6 25. Rc1 Rac8 26. Rf5 b6 27. Rc4 g6
28. Rd5 Rxd5 29. exd5+ Kxd5 30. Nxd4 b5 31. Nxc6 Rxc6 32. Rxc6 Kxc6 33. Kf2 f5
34. Ke3 Kd5 35. h4 Ke5 36. g3 a5 37. b3 b4 38. axb4 axb4 39. d4+ Kd5 40. Kd3 h6
41. Ke3 g5 42. h5 Kc6 43. Kf3 Kd6 44. Ke2 Kd5 45. Ke3 Ke6 46. Kf3 Kd6 47. Ke2
f4 48. gxf4 gxf4 49. Kf3 Kd5 50. Kxf4 Kxd4 51. Kf5 Kc3 52. Kg6 Kxb3 53. Kxh6
Kc4 54. Kg7 b3 55. h6 b2 56. h7 b1=Q 57. h8=Q Qb7+ 58. Kg6 Qe4+ 59. Kg5 Qg2+
1/2-1/2

[Event "Lichtenberger Sommer 2023"]
[Site "Berlin"]
[Date "2023.08.14"]
[Round "3.45"]
[White "Möwisch, Dave"]
[Black "Elyounis, Aalaa"]
[Result "1-0"]
[WhiteElo "1922"]
[BlackElo "1737"]
[PlyCount "93"]
[EventDate "2023.??.??"]
[WhiteTeam "Potsdamer SV Mitte e.V."]
[BlackTeam "SC Zitadelle Spandau 1977 e.V."]

1. e4 c5 2. Nf3 d6 3. d4 cxd4 4. Nxd4 Nf6 5. Nc3 a6 6. Bg5 e6 7. f4 Be7 8. Qf3
Qc7 9. O-O-O Nbd7 10. f5 h6 11. fxe6 Ne5 12. Qh3 O-O 13. Bxf6 Bxf6 14. Nd5 Bg5+
15. Kb1 Qc5 16. b4 Qa7 17. Qb3 b5 18. exf7+ Rxf7 19. Be2 Kh8 20. h4 Bd8 21. g4
Nxg4 22. Nc6 Qd7 23. Nxd8 Qxd8 24. Nb6 Raa7 25. Rxd6 Qxd6 26. Nxc8 Qd2 27. Nxa7
Ne3 28. Rh3 Qxe2 29. Qxe3 Qxe3 30. Rxe3 Rxa7 31. Kb2 Kg8 32. Kb3 Rc7 33. e5 Kf7
34. h5 Ke6 35. c3 Rf7 36. Rg3 Kxe5 37. Rg6 Rf5 38. Rxg7 Rxh5 39. Rg6 Rh1 40.
Rxa6 h5 41. Rb6 Rd1 42. Rxb5+ Rd5 43. Rb8 Kf4 44. Rh8 Kg4 45. a4 h4 46. a5 Rh5
47. Rxh5 1-0

[Event "Lichtenberger Sommer 2023"]
[Site "Berlin"]
[Date "2023.08.14"]
[Round "3.46"]
[White "Zesewitz, Martin"]
[Black "Stein, Siegfried"]
[Result "1-0"]
[WhiteElo "1916"]
[BlackElo "1730"]
[PlyCount "41"]
[EventDate "2023.??.??"]
[WhiteTeam "SV SF Friedrichshagen"]
[BlackTeam "SV Berolina Mitte e.V."]

1. e4 e5 2. Nf3 Nc6 3. Bc4 Bc5 4. b4 Bb6 5. a4 a5 6. b5 Nd4 7. O-O Nxf3+ 8.
Qxf3 Nf6 9. d3 h6 10. Qg3 Qe7 11. Bb2 d6 12. Nc3 g5 13. Nd5 Nxd5 14. Bxd5 h5
15. d4 f6 16. dxe5 fxe5 17. Bc1 g4 18. h4 gxh3 19. Qg6+ Kf8 20. Bh6+ Rxh6 21.
Qg8# 1-0

[Event "Lichtenberger Sommer 2023"]
[Site "Berlin"]
[Date "2023.08.14"]
[Round "3.47"]
[White "Kuhn, Christian"]
[Black "Bade, Heidrun"]
[Result "1-0"]
[WhiteElo "1911"]
[BlackElo "1722"]
[PlyCount "55"]
[EventDate "2023.??.??"]
[WhiteTeam "SK König Tegel 1949 e.V."]
[BlackTeam "USV Potsdam e.V., Abt. Schach"]

1. e4 e5 2. Nf3 Nc6 3. Bc4 Nf6 4. Ng5 d5 5. exd5 Nd4 6. c3 b5 7. Bf1 Nxd5 8.
cxd4 Qxg5 9. Bxb5+ Kd8 10. O-O Bb7 11. Qf3 Rb8 12. dxe5 Nf4 13. Qg3 Qxe5 14. d4
Qxb5 15. Bxf4 Rc8 16. Nc3 Qd7 17. Rac1 Bd6 18. Bxd6 cxd6 19. Qxg7 Re8 20. Rfe1
Rxe1+ 21. Rxe1 Kc7 22. Qg5 Kb8 23. Qe7 Qc6 24. d5 Qc7 25. Qxc7+ Rxc7 26. Re8+
Bc8 27. Kf1 Rc5 28. Ke2 1-0

[Event "Lichtenberger Sommer 2023"]
[Site "Berlin"]
[Date "2023.08.14"]
[Round "3.48"]
[White "Mannaberg, Steffen"]
[Black "Bunkens, Rudi"]
[Result "1-0"]
[WhiteElo "1903"]
[BlackElo "1694"]
[PlyCount "87"]
[EventDate "2023.??.??"]
[WhiteTeam "vereinslos"]
[BlackTeam "Koninklijke Gentse SK"]

1. d3 c5 2. c4 Nf6 3. Nc3 g6 4. g3 Bg7 5. Bg2 Nc6 6. e3 d6 7. Nge2 Bg4 8. h3
Bd7 9. a3 Qc8 10. Rb1 Nd8 11. b4 Bc6 12. f3 b6 13. Kf2 Ne6 14. Qb3 O-O 15. d4
cxd4 16. exd4 Nh5 17. Be3 Nc7 18. b5 Bb7 19. a4 e5 20. d5 f5 21. f4 Qd8 22. a5
g5 23. h4 gxf4 24. gxf4 exf4 25. Nxf4 Nxf4 26. Bxf4 Bd4+ 27. Kf1 Qf6 28. Ne2
Bc5 29. a6 Bc8 30. Qb2 Ne8 31. Qxf6 Nxf6 32. Ng3 Ng4 33. Re1 Kf7 34. Bg5 Re8
35. Rxe8 Kxe8 36. Ke2 Bd7 37. Rf1 Ne5 38. Rc1 Kf7 39. Bh3 Ng4 40. Bxg4 Re8+ 41.
Kd3 fxg4 42. Rf1+ Kg7 43. Nh5+ Kg6 44. Rf6+ 1-0

[Event "Lichtenberger Sommer 2023"]
[Site "Berlin"]
[Date "2023.08.14"]
[Round "3.49"]
[White "Geldner, Gerrit"]
[Black "Schilly, Hans-Joachim"]
[Result "1/2-1/2"]
[WhiteElo "1900"]
[BlackElo "1687"]
[PlyCount "79"]
[EventDate "2023.??.??"]
[WhiteTeam "SV Roter Turm Halle"]
[BlackTeam "SF Siemensstadt"]

1. c4 c6 2. e4 d5 3. cxd5 cxd5 4. exd5 Nf6 5. Nc3 Nxd5 6. Bc4 Nxc3 7. Qf3 e6 8.
dxc3 Qf6 9. Bb5+ Nd7 10. Be3 Qxf3 11. Nxf3 a6 12. Ba4 b5 13. Bc2 Bb7 14. O-O
Bc5 15. a4 Bxe3 16. fxe3 Ke7 17. axb5 axb5 18. Kf2 Bxf3 19. gxf3 Ne5 20. Be4
Ra4 21. Ke2 Rd8 22. b3 Rxa1 23. Rxa1 f5 24. Bb1 Rc8 25. Ra7+ Kf6 26. f4 Nf7 27.
Kd2 Rb8 28. Ra6 h6 29. h4 g5 30. hxg5+ hxg5 31. fxg5+ Nxg5 32. Bd3 Nf3+ 33. Ke2
Ne5 34. Ra5 Rc8 35. Bxb5 Rxc3 36. b4 Ng4 37. Bd3 Ne5 38. Ba6 Ng4 39. Bd3 Ne5
40. Ba6 1/2-1/2

[Event "Lichtenberger Sommer 2023"]
[Site "Berlin"]
[Date "2023.08.14"]
[Round "3.50"]
[White "Regel, Michael"]
[Black "Beran, Rolf-Dietrich"]
[Result "0-1"]
[WhiteElo "1722"]
[BlackElo "1899"]
[PlyCount "98"]
[EventDate "2023.??.??"]
[WhiteTeam "SC Friesen Lichtenberg e.V."]
[BlackTeam "SG Rot-Weiß Neuenhagen"]

1. e4 c5 2. Nc3 a6 3. d3 b5 4. g3 Bb7 5. Bg2 d6 6. Nge2 Nf6 7. a3 e6 8. O-O Be7
9. f4 O-O 10. h3 Nc6 11. g4 Nd7 12. Ng3 Bh4 13. Nce2 Bxg3 14. Nxg3 Ne7 15. f5
exf5 16. gxf5 f6 17. Nh5 Kh8 18. Qg4 Rg8 19. Qh4 Nc6 20. Nf4 Nce5 21. Ng6+ Nxg6
22. fxg6 Nf8 23. gxh7 Nxh7 24. Bd2 Qe7 25. Bc3 Rgf8 26. Rf2 Rad8 27. Raf1 Kg8
28. Qg3 d5 29. e5 d4 30. exf6 Nxf6 31. Bxb7 dxc3 32. bxc3 Qxb7 33. Rxf6 Rxf6
34. Rxf6 Qe7 35. Rxa6 Rf8 36. Rg6 Qf7 37. Qg2 Re8 38. Rg4 Re1+ 39. Kh2 Qe7 40.
Re4 Qd6+ 41. Qg3 Rh1+ 42. Kxh1 Qxg3 43. h4 c4 44. Rd4 Qe1+ 45. Kg2 Qxc3 46.
Rd8+ Kh7 47. d4 Qxc2+ 48. Kf3 Qd3+ 49. Kg4 c3 0-1

[Event "Lichtenberger Sommer 2023"]
[Site "Berlin"]
[Date "2023.08.14"]
[Round "3.51"]
[White "Omar, Samy"]
[Black "Pöltelt, Helmut"]
[Result "1-0"]
[WhiteElo "1896"]
[BlackElo "1673"]
[PlyCount "107"]
[EventDate "2023.??.??"]
[BlackTeam "SC Eintracht Berlin e.V."]

1. d4 d5 2. Bf4 e6 3. e3 c6 4. Nd2 f5 5. Ngf3 Nf6 6. c4 Bd6 7. Bxd6 Qxd6 8. c5
Qe7 9. Ne5 O-O 10. Bd3 Bd7 11. O-O Be8 12. Qb3 g5 13. f3 Kg7 14. Rae1 Qc7 15.
e4 fxe4 16. fxe4 Nbd7 17. Ndf3 h6 18. Nxd7 Nxd7 19. exd5 exd5 20. Re7+ Rf7 21.
Rfe1 Rxe7 22. Rxe7+ Kf8 23. Rh7 g4 24. Qd1 Qf4 25. Qd2 Qxd2 26. Nxd2 h5 27. Bf5
Rd8 28. b4 Bf7 29. Rh6 Ke7 30. Nb3 Nf6 31. Na5 Ng8 32. Rh7 Nf6 33. Rg7 Ne8 34.
Rh7 Nf6 35. Rh6 Rb8 36. a4 Be8 37. Rh8 Ne4 38. Bxe4 dxe4 39. Kf2 Rd8 40. Ke3
Ke6 41. Nc4 Kd5 42. Nd6 Rxd6 43. cxd6 Bd7 44. Rxh5+ Kxd6 45. Kxe4 b6 46. Rh6+
Kc7 47. Ke5 a5 48. bxa5 bxa5 49. Rh7 c5 50. dxc5 Kc6 51. Rxd7 Kxd7 52. h4 gxh3
53. gxh3 Kc6 54. Kd4 1-0

[Event "Lichtenberger Sommer 2023"]
[Site "Berlin"]
[Date "2023.08.14"]
[Round "3.52"]
[White "Sakalli, Selcuk Orkun"]
[Black "Seth, Aakrit"]
[Result "1-0"]
[WhiteElo "1706"]
[BlackElo "1894"]
[PlyCount "45"]
[EventDate "2023.??.??"]
[WhiteTeam "SC Zugzwang 95 e.V."]
[BlackTeam "SC Weisse Dame e.V."]

1. d4 d5 2. c4 e6 3. Nc3 Nf6 4. cxd5 exd5 5. Bg5 Be7 6. e3 O-O 7. Bd3 b6 8.
Nge2 Bb7 9. Ng3 h6 10. Bf4 Bd6 11. Bxd6 Qxd6 12. Nf5 Qd7 13. Qf3 Kh8 14. Nxh6
Ne4 15. Ng4 f5 16. Ne5 Qe6 17. Qh5+ Kg8 18. Ng6 Re8 19. g4 fxg4 20. Nf4 Qd7 21.
Ncxd5 c6 22. Nc3 Nxc3 23. Qh7+ 1-0

[Event "Lichtenberger Sommer 2023"]
[Site "Berlin"]
[Date "2023.08.14"]
[Round "3.53"]
[White "Glienke, Michael"]
[Black "Heppert, Lars"]
[Result "0-1"]
[WhiteElo "1692"]
[BlackElo "1887"]
[PlyCount "46"]
[EventDate "2023.??.??"]
[WhiteTeam "SC Kreuzberg e.V."]
[BlackTeam "SK Neuburg"]

1. d4 Nf6 2. Bf4 d5 3. e3 e6 4. c4 Bd6 5. Bg3 O-O 6. Nf3 c5 7. Nc3 cxd4 8. Nxd4
Nc6 9. Ndb5 Bxg3 10. hxg3 a6 11. cxd5 exd5 12. Nd4 Bg4 13. Be2 Be6 14. a3 Rc8
15. b4 Nxb4 16. Nxe6 fxe6 17. Qb3 Nc6 18. Qxb7 Qa5 19. Qb2 Ne5 20. Rc1 Ne4 21.
Rh4 Nxc3 22. Kf1 Nc4 23. Qc2 Nxe3+ 0-1

[Event "Lichtenberger Sommer 2023"]
[Site "Berlin"]
[Date "2023.08.14"]
[Round "3.54"]
[White "Matitschka, Heinz"]
[Black "Lorenz, Veronika"]
[Result "1/2-1/2"]
[WhiteElo "1883"]
[BlackElo "1668"]
[PlyCount "120"]
[EventDate "2023.??.??"]
[WhiteTeam "TSG Oberschöneweide e.V."]
[BlackTeam "TSG Oberschöneweide e.V."]

1. d4 Nf6 2. c4 g6 3. Nc3 Bg7 4. e4 d6 5. Nf3 O-O 6. Be2 Nbd7 7. Be3 e5 8. d5
Qe7 9. Nd2 c5 10. h4 h5 11. Bg5 a6 12. a4 Qe8 13. Qc2 Nh7 14. g4 hxg4 15. Bxg4
Ndf6 16. Bxc8 Qxc8 17. O-O-O Nh5 18. Kb1 N7f6 19. Rdg1 Ne8 20. Be7 Nf4 21. Bxf8
Kxf8 22. Nf1 Nc7 23. Ne3 Qd7 24. a5 Rb8 25. Na4 Na8 26. f3 b6 27. axb6 Nxb6 28.
Nxb6 Rxb6 29. h5 Qb7 30. hxg6 fxg6 31. Rh2 Rb3 32. Ka2 Rxe3 33. Rd1 Rxf3 34.
Rf2 Rxf2 35. Qxf2 Qb4 36. b3 a5 37. Qf3 a4 38. Rb1 axb3+ 39. Qxb3 Qxb3+ 40.
Rxb3 Kf7 41. Ka3 g5 42. Ka4 Kg6 43. Kb5 Kh5 44. Kc6 Bf8 45. Rb8 Ng6 46. Kd7 g4
47. Ke6 g3 48. Rb1 Nf4+ 49. Kf7 Bh6 50. Ke7 Ne2 51. Re1 g2 52. Kxd6 Bf8+ 53.
Kxe5 g1=Q 54. Rxg1 Nxg1 55. d6 Kg6 56. Kd5 Kf7 57. e5 Nf3 58. e6+ Ke8 59. Kxc5
Nd2 60. Kd5 Bxd6 1/2-1/2

[Event "Lichtenberger Sommer 2023"]
[Site "Berlin"]
[Date "2023.08.14"]
[Round "3.55"]
[White "Kapr, Klaus"]
[Black "Fock, Madiha"]
[Result "1-0"]
[WhiteElo "1876"]
[BlackElo "1667"]
[PlyCount "101"]
[EventDate "2023.??.??"]
[WhiteTeam "SC Friesen Lichtenberg e.V."]
[BlackTeam "TSG Oberschöneweide e.V."]

1. e4 c5 2. Nf3 d6 3. d4 cxd4 4. Nxd4 Nf6 5. Nc3 a6 6. g3 g6 7. Bg2 Bg7 8. O-O
Qb6 9. Nb3 Nc6 10. h3 Ne5 11. Nd4 Nc4 12. b3 Nxe4 13. Nxe4 Qxd4 14. Qxd4 Bxd4
15. c3 Bg7 16. bxc4 f5 17. Nd2 Bxc3 18. Rb1 Rb8 19. Bb2 Bxb2 20. Rxb2 f4 21.
Rfb1 Kd8 22. Bxb7 Bxh3 23. Bxa6 Rxb2 24. Rxb2 Kc7 25. Rb7+ Kc6 26. Rxe7 fxg3
27. fxg3 h5 28. Ne4 h4 29. Bb5+ Kb6 30. Rg7 Bf5 31. Nxd6 Bc2 32. Nf7 Rh5 33. g4
Rc5 34. Kh2 Rc7 35. Rh7 Re7 36. Kh3 Re3+ 37. Kxh4 g5+ 38. Nxg5 Bxh7 39. Nxh7
Ra3 40. g5 Rxa2 41. g6 Rh2+ 42. Kg5 Rg2+ 43. Kf6 Rf2+ 44. Ke7 Rg2 45. Kf7 Rxg6
46. Kxg6 Kc5 47. Kf6 Kd6 48. Ng5 Kc7 49. c5 Kd8 50. Ke6 Kc7 51. Nf7 1-0

[Event "Lichtenberger Sommer 2023"]
[Site "Berlin"]
[Date "2023.08.14"]
[Round "3.56"]
[White "Nguyen, Tuan Kiet"]
[Black "Berndt, Ronson"]
[Result "1/2-1/2"]
[WhiteElo "1873"]
[BlackElo "1544"]
[PlyCount "133"]
[EventDate "2023.??.??"]
[WhiteTeam "SG Eckturm"]
[BlackTeam "SC Borussia Lichtenberg"]

1. e4 c5 2. Nf3 e6 3. d4 cxd4 4. Nxd4 a6 5. Bd3 Qc7 6. O-O Nc6 7. Be3 Be7 8.
Qe2 Nf6 9. c4 d6 10. Nc3 Ne5 11. f3 O-O 12. Rac1 Nxd3 13. Qxd3 b6 14. Nde2 Bb7
15. Bf2 Rfd8 16. Qe3 Qc5 17. Na4 Qxe3 18. Bxe3 b5 19. Nb6 Rab8 20. cxb5 axb5
21. Nd4 Nd7 22. Nxb5 Ba6 23. Nxd7 Rxb5 24. Rc7 Rxb2 25. Ra1 d5 26. a4 Be2 27.
Rac1 d4 28. Bxd4 Rd2 29. Bb6 R8xd7 30. Rxd7 Rxd7 31. Rc8+ Bf8 32. Bc5 h6 33.
Bxf8 Ba6 34. Rb8 Rd1+ 35. Kf2 Ra1 36. Bd6+ Kh7 37. Rb4 Ra2+ 38. Kg1 Ra1+ 39.
Kf2 Ra2+ 40. Ke3 Rxg2 41. Rb6 Bf1 42. Rb7 Kg6 43. a5 Ra2 44. Bc7 f6 45. f4 Ra3+
46. Kf2 Bd3 47. Rb4 Kh5 48. e5 f5 49. Bd8 Kg4 50. h4 Be4 51. Rb6 Bd5 52. Rb4
Rf3+ 53. Ke2 Rxf4 54. Rxf4+ Kxf4 55. Kf2 Kxe5 56. Bc7+ Ke4 57. h5 e5 58. a6 Kf4
59. a7 Ke4 60. Bd6 f4 61. Bf8 Kf5 62. Bxg7 Kg5 63. Bxe5 f3 64. Kg3 Kxh5 65. Bd4
Kg6 66. Kh4 h5 67. Bf2 1/2-1/2

[Event "Lichtenberger Sommer 2023"]
[Site "Berlin"]
[Date "2023.08.14"]
[Round "3.57"]
[White "Hieronimus, Matthias"]
[Black "Damm, Yannic"]
[Result "0-1"]
[WhiteElo "1673"]
[BlackElo "1873"]
[PlyCount "138"]
[EventDate "2023.??.??"]
[WhiteTeam "vereinslos"]
[BlackTeam "SC Bonn Beuel"]

1. d4 Nf6 2. c4 e6 3. Nf3 d5 4. cxd5 exd5 5. e3 Bd6 6. Nc3 c6 7. h3 O-O 8. Bd3
Nbd7 9. O-O Re8 10. Qc2 Nf8 11. e4 dxe4 12. Nxe4 Nxe4 13. Bxe4 h6 14. Bd2 a5
15. a3 a4 16. Bc3 Be6 17. Rfe1 Nd7 18. Qd3 Nf6 19. Bf5 Bd5 20. Rxe8+ Qxe8 21.
Re1 Qf8 22. h4 Qd8 23. g3 Qc7 24. Ne5 Rd8 25. Ng4 Nd7 26. Be4 Be6 27. Ne3 Nf6
28. Bf5 Bb3 29. Bh3 Bf8 30. Bg2 Be6 31. Rd1 Qc8 32. Kh2 h5 33. Qf1 Ng4+ 34.
Nxg4 Bxg4 35. f3 Be6 36. Bh3 f6 37. Re1 Bxh3 38. Qxh3 Qxh3+ 39. Kxh3 Kf7 40. g4
hxg4+ 41. Kxg4 Rd5 42. f4 Bd6 43. f5 Be7 44. h5 Bd8 45. Re4 Bb6 46. Kf4 Ba7 47.
Kg4 Rd8 48. Kh4 Re8 49. Rxe8 Kxe8 50. Kg4 Bb8 51. h6 gxh6 52. Kh5 Bf4 53. Kg6
Bg5 54. Bb4 b6 55. Bd6 h5 56. Kxh5 Kf7 57. Bc7 b5 58. Bd6 Bc1 59. Bb4 Bxb2 60.
Bc5 Kg7 61. Kg4 Kh6 62. Kf4 Kh5 63. Ke4 Kg5 64. Be7 Bc3 65. Kd3 Be1 66. Ke4 b4
67. Kd3 b3 68. Bb4 Bxb4 69. axb4 Kxf5 0-1

[Event "Lichtenberger Sommer 2023"]
[Site "Berlin"]
[Date "2023.08.14"]
[Round "3.58"]
[White "Kreuchauf, Olaf"]
[Black "Schubert, Joachim"]
[Result "0-1"]
[WhiteElo "1667"]
[BlackElo "1872"]
[PlyCount "96"]
[EventDate "2023.??.??"]
[WhiteTeam "SC Eintracht Berlin e.V."]
[BlackTeam "SC Friesen Lichtenberg e.V."]

1. d4 f5 2. g3 Nf6 3. Bg2 e6 4. Nf3 Be7 5. c4 c6 6. b3 d5 7. Bb2 O-O 8. O-O Ne4
9. Ne1 Qe8 10. f3 Nf6 11. Nd2 Qg6 12. Nd3 Bd6 13. Ne5 Bxe5 14. dxe5 Ne8 15. Qc2
Nc7 16. e4 f4 17. Kf2 Nd7 18. Rg1 Nb6 19. Bf1 Qh6 20. Rg2 fxg3+ 21. hxg3 Na6
22. Rd1 Qg6 23. Ba3 Rf7 24. Bd6 c5 25. cxd5 Nxd5 26. Bxa6 bxa6 27. Qxc5 Nb6 28.
Qe3 Bb7 29. Rc1 Rd8 30. Rgg1 Nc8 31. Kg2 Nxd6 32. exd6 Rdf8 33. Rc3 e5 34. Rgc1
Qxd6 35. Rd3 Qg6 36. Rc5 Qh5 37. Qe2 Bc8 38. Rc1 Qh3+ 39. Kf2 Qh2+ 40. Ke1
Qxg3+ 41. Qf2 Qf4 42. Ke2 Bd7 43. a4 Bc8 44. Rdc3 Be6 45. Rh1 Rd7 46. Qe3 Qg3
47. Rg1 Qh2+ 48. Qf2 Rxd2+ 0-1

[Event "Lichtenberger Sommer 2023"]
[Site "Berlin"]
[Date "2023.08.14"]
[Round "3.59"]
[White "Rosmait, Emily"]
[Black "Mazurtsova, Margarita"]
[Result "0-1"]
[WhiteElo "1855"]
[BlackElo "1526"]
[PlyCount "118"]
[EventDate "2023.??.??"]
[WhiteTeam "TuRa Harksheide von 1945 Norders"]
[BlackTeam "SC Kreuzberg e.V."]

1. e4 e6 2. d4 d5 3. Nd2 dxe4 4. Nxe4 Nd7 5. Nf3 Ngf6 6. Bd3 Nxe4 7. Bxe4 Nf6
8. Bg5 Be7 9. Bxf6 Bxf6 10. Qd3 h6 11. h4 c6 12. O-O-O Bd7 13. Kb1 a5 14. g4
Be7 15. g5 Qc7 16. Ne5 hxg5 17. hxg5 Rxh1 18. Rxh1 O-O-O 19. Rh7 f5 20. gxf6
Bxf6 21. f4 Be8 22. c3 Kb8 23. Qe3 Qb6 24. Ng4 Qb5 25. Bd3 Qd5 26. Nxf6 gxf6
27. Qe4 Qxe4 28. Bxe4 f5 29. Bf3 Bd7 30. Kc2 Kc7 31. c4 Rg8 32. d5 exd5 33.
cxd5 Rg3 34. dxc6 Rxf3 35. Rxd7+ Kxc6 36. Rd4 b5 37. a3 Kc5 38. Rd8 Rxf4 39.
Kd3 Rf3+ 40. Ke2 Rb3 41. Rd2 Rh3 42. Kf1 f4 43. Kg2 Rg3+ 44. Kf2 Re3 45. Rc2+
Kd4 46. Rc8 Rb3 47. Rd8+ Kc4 48. Rc8+ Kd3 49. Kf3 Rxb2 50. Kxf4 Rb3 51. Rb8 Kc3
52. Ke4 Kb2 53. a4 bxa4 54. Rh8 Rc3 55. Rh2+ Rc2 56. Rh5 a3 57. Rxa5 a2 58.
Rb5+ Kc1 59. Kd3 Rb2 0-1

[Event "Lichtenberger Sommer 2023"]
[Site "Berlin"]
[Date "2023.08.14"]
[Round "3.60"]
[White "Matitschka, Johannes"]
[Black "Kellner, Rene"]
[Result "1-0"]
[WhiteElo "1855"]
[BlackElo "1480"]
[PlyCount "119"]
[EventDate "2023.??.??"]
[WhiteTeam "TSG Oberschöneweide e.V."]
[BlackTeam "Potsdamer SV Mitte e.V."]

1. Nf3 d5 2. g3 c6 3. Bg2 Nf6 4. O-O Bf5 5. d3 Nbd7 6. Nbd2 e5 7. Re1 Bd6 8. e4
Be6 9. d4 Nxe4 10. Nxe4 dxe4 11. Ng5 Bd5 12. Nxe4 Bxe4 13. Bxe4 O-O 14. Qd3 g6
15. Bh6 Re8 16. Rad1 Bf8 17. Bxf8 Rxf8 18. Qc3 exd4 19. Rxd4 Qc7 20. b4 Rad8
21. Bg2 Rfe8 22. Rde4 Rxe4 23. Rxe4 Nb6 24. b5 Nd5 25. Qc5 cxb5 26. Qxc7 Nxc7
27. Re7 Rd1+ 28. Bf1 Nd5 29. Rxb7 Nc3 30. Kg2 Nxa2 31. Bxb5 Nc3 32. Bc4 Rd2 33.
Rxf7 Kh8 34. Bd3 a5 35. Kf3 Rd1 36. Ke3 Nd5+ 37. Kd4 Nb4 38. Ke5 Re1+ 39. Kd4
Rd1 40. Kc4 Nxd3 41. cxd3 a4 42. d4 a3 43. Ra7 Rd2 44. Rxa3 Rxf2 45. h4 Kg7 46.
Re3 Kf6 47. d5 Rc2+ 48. Kb5 Rd2 49. Kc6 Rc2+ 50. Kd7 Rd2 51. Kc6 Rc2+ 52. Kd6
Rd2 53. Rf3+ Kg7 54. Ke6 Re2+ 55. Kd7 Rd2 56. d6 Rd1 57. Ke7 Re1+ 58. Kd8 Rd1
59. d7 Rd2 60. Re3 1-0

[Event "Lichtenberger Sommer 2023"]
[Site "Berlin"]
[Date "2023.08.14"]
[Round "3.61"]
[White "Uhlenbrock, Sven"]
[Black "Matthes, Benjamin"]
[Result "0-1"]
[WhiteElo "1659"]
[BlackElo "1848"]
[PlyCount "80"]
[EventDate "2023.??.??"]
[WhiteTeam "vereinslos"]
[BlackTeam "SC Oranienburg e.V."]

1. d4 d5 2. Bf4 c5 3. e3 Nc6 4. c3 Qb6 5. Qb3 c4 6. Qc2 Nf6 7. Nd2 e6 8. Ngf3
Qd8 9. e4 Be7 10. h3 b5 11. Be2 O-O 12. O-O dxe4 13. Nxe4 Nd5 14. Bg3 f5 15.
Ned2 Bd6 16. Bxd6 Qxd6 17. Rfe1 Nf4 18. Bf1 Rf6 19. Ne5 Bb7 20. Ndf3 Qd5 21.
Re3 Nxe5 22. dxe5 Rg6 23. Rd1 Qc5 24. Kh2 Bxf3 25. Rxf3 Qxe5 26. Re3 Qc7 27. g3
Nd5 28. Rf3 f4 29. Qe4 fxg3+ 30. fxg3 Rf8 31. Rxf8+ Kxf8 32. Qf3+ Qf7 33. Qxf7+
Kxf7 34. Re1 Rf6 35. b3 cxb3 36. axb3 Nxc3 37. Bd3 h6 38. Ra1 Rf2+ 39. Kg1 Rf3
40. Rxa7+ Kf6 0-1